Welcome to the Holygrace Academy Library

Please use search bar below to get started

FACT FINDER 3 (Record no. 6316)

MARC details
000 -LEADER
fixed length control field 00322nam a22001457a 4500
020 ## - INTERNATIONAL STANDARD BOOK NUMBER
ISBN 81-88682-03-9
082 ## - DEWEY DECIMAL CLASSIFICATION NUMBER
Classification number 001
Item number TRE/F
100 ## - MAIN ENTRY--AUTHOR NAME
Personal name TREND SETTERS
245 ## - TITLE STATEMENT
Title FACT FINDER 3
250 ## - EDITION STATEMENT
Edition statement FIRST EDITION
260 ## - PUBLICATION, DISTRIBUTION, ETC. (IMPRINT)
Place of publication DELHI
Name of publisher TREND SETTERS
Year of publication 2003
300 ## - PHYSICAL DESCRIPTION
Number of Pages 56
650 ## - SUBJECT ADDED ENTRY--TOPICAL TERM
Topical Term GENERAL KNOWLEDGE
Geographic subdivision INDIA
942 ## - ADDED ENTRY ELEMENTS (KOHA)
Koha item type Books
Holdings
Withdrawn status Lost status Collection code Home library Current library Shelving location Date acquired Source of acquisition Cost, normal purchase price Full call number Accession Number Koha item type
    Fiction Main Library Main Library SHELF-17E-SCIENCE RELATED BOOKS 17/05/2004 purchase 50.00 001 TRE/F 00977 Books